LEADER 00982nam a2200253 i 4500 001 000000175971 003 CaOOAMICUS 005 20090122000000.0 008 090122s1982 it u000 u ita u 013 $a153456 040 $aSeMil$bita 100 1 $aMacchietti, Sira Serenella.$0(OLS)http://semarc/name/65553 245 10$aPedagogia del personalismo italiano /$cSira Serenella Macchietti. 260 $aRoma :$bCittà Nuova,$c1982. 300 $a237 p ;$c19 cm. 490 0 $aIdee ;$v55 500 $aDono di don Romano Martinelli. 650 4$aPersonalismo - Pedagogia.$0(OLS)http://semarc/subject/33539 830 0$aIdee ;$v55.$0(OLS)http://semarc/title/6244 850 $aSeMil 852 $aSeMil$W1$xVenegono$y1$m2Q I 43$j126793$B126793$CSeMilBibl$Z2$F138751 $81 961 $aOmaggio: Martinelli don Romano 996 $6245$aPedagogia del personalismo italiano$9(OLS)http://semarc/title/252475 996 $6260$aRoma :$bCittà Nuova$9(OLS)http://semarc/publisher/29609 LEADER 01133nam a2200253 i 4500 001 000000122233 003 CaOOAMICUS 005 20040128000000.0 008 040128s1974 it u000 u ita u 013 $a94928 040 $aSeMil$bita 100 1 $aMarchegiani, Luigi.$0(OLS)http://semarc/name/50822 245 13$aIl pensiero politico moderno :$bStruttura socio-economica e ideologie /$cLuigi Marchegiani. 260 $aFirenze :$bBulgarini,$ccopyr. 1974. 300 $a236 p. ;$c19 cm. 490 0 $aIl quadrifoglio : testi per una nuova cultura ;$v28 500 $aContiene : Indicazioni bibliografiche. 650 4$aPolitica - Teorie.$0(OLS)http://semarc/subject/1691 830 3$aIl quadrifoglio : testi per una nuova cultura ;$v28.$0(OLS)http://semarc/title/14381 850 $aSeMil 852 $aSeMil$W1$xVenegono$y1$m830 1 28 *$j77234$B77234$CSeMilBibl$Z2$F78982 $81 961 $aRecupero: Biblioteca Seminario Liceale 996 $6245$aIl pensiero politico moderno :$bStruttura socio-economica e ideologie$9(OLS)http://semarc/title/180097 996 $6260$aFirenze :$bBulgarini$9(OLS)http://semarc/publisher/32998